Aston Villa 2020-2021 Squad - Statistics

General Stats
  • This quiz has been taken 337 times
  • The average score is 19 of 28
Answer Stats
Position Kit Number Nationality Answer % Correct
GK #26 Argentina Emiliano Martínez
92%
MID (c) #10 England Jack Grealish
91%
DEF #5 Wales Tyrone Mings
89%
MID #7 Scotland John McGinn
88%
MID #6 Brazil Douglas Luiz
85%
FOR #11 England Ollie Watkins
82%
DEF #4 England Ezri Konsa
81%
DEF #2 England Matthew Cash
81%
FOR #15 Burkina Faso Bertrand Traoré
78%
MID #17 Egypt Mahmoud Trézéguet
78%
GK #1 England Tom Heaton
77%
FOR #21 Netherlands Anwar El Ghazi
76%
Manager N/A England Dean Smith
76%
DEF #18 England Matt Targett
73%
FOR #9 Brazil Wesley Moraes
73%
MID #19 Zimbabwe Marvelous Nakamba
69%
MID #14 Ireland Conor Hourihane
62%
DEF #27 Egypt Ahmed Elmohamady
61%
MID #41 England Jacob Ramsey
61%
MID #20 England Ross Barkley
61%
DEF #3 Wales Neil Taylor
58%
DEF #30 England Kortney Hause
56%
GK #12 England Jed Steer
55%
DEF #22 Belgium Björn Engels
54%
DEF #24 France Frédéric Guilbert
54%
FOR #39 England Keinan Davis
53%
GK #28 Croatia Lovre Kalinić
50%
MID #8 England Henri Lansbury
34%
No matching quizzes found
Score Distribution
Percent of People with Each Score
Percentile by Number Answered
Your Score History
You have not taken this quiz